ბათუმის შოთა რუსთაველის სახელმწიფო უნივერსიტეტის ბიბლიოთეკა

Оценка погрешностей результатов измерении. (ბიბ.ჩანაწერი № 35720)

000 -LEADER
fixed length control field 00616nam a2200205Ia 4500
001 - CONTROL NUMBER
control field 1593
003 - CONTROL NUMBER IDENTIFIER
control field GE_BSU
008 - FIXED-LENGTH DATA ELEMENTS--GENERAL INFORMATION
fixed length control field 181216s||||||||xx |||||||||||||| ||und||
040 ## - CATALOGING SOURCE
Transcribing agency GE_BSU
080 ## - UNIVERSAL DECIMAL CLASSIFICATION NUMBER
Universal Decimal Classification number 681.2(075.8)
100 ## - MAIN ENTRY--PERSONAL NAME
Personal name Новицкий,П.В. Зограф,И.А.
245 ## - TITLE STATEMENT
Title Оценка погрешностей результатов измерении.
260 ## - PUBLICATION, DISTRIBUTION, ETC.
Place of publication, distribution, etc. Л.
260 ## - PUBLICATION, DISTRIBUTION, ETC.
Name of publisher, distributor, etc. Энергоатомиздат.
260 ## - PUBLICATION, DISTRIBUTION, ETC.
Date of publication, distribution, etc. 1985
300 ## - PHYSICAL DESCRIPTION
Extent 247 стр. 21см.
653 ## - INDEX TERM--UNCONTROLLED
Uncontrolled term Оценка погрешностей результатов измерении.
942 ## - ADDED ENTRY ELEMENTS (KOHA)
Koha item type წიგნი
ეგზემპლარები
Withdrawn status Lost status Damaged status Not for loan Date acquired Barcode Date last seen Price effective from Koha item type
        2018-12-17 3050 2018-12-17 2018-12-17 წიგნი